|
|
|
|
| LEADER |
01567nam a2200433 a 4500 |
| 001 |
nkc20102096009 |
| 003 |
CZ PrNK |
| 005 |
20100531085206.0 |
| 007 |
ta |
| 008 |
100412s2010 xr c 000 f cze |
| 015 |
|
|
|a cnb002096009
|
| 020 |
|
|
|a 978-80-253-1026-7
|q (váz.)
|
| 035 |
|
|
|a (OCoLC)641508048
|
| 040 |
|
|
|a BOA001
|b cze
|d ABA001
|
| 041 |
1 |
|
|a cze
|h eng
|
| 072 |
|
7 |
|a 821.111-3
|x Anglická próza, anglicky psaná
|2 Konspekt
|9 25
|
| 072 |
|
7 |
|a 821-93
|x Literatura pro děti a mládež (beletrie)
|2 Konspekt
|9 26
|
| 080 |
|
|
|a 821-93
|2 MRF
|
| 080 |
|
|
|a 821.111(94)-31
|2 MRF
|
| 080 |
|
|
|a (0:82-312.9)
|2 MRF
|
| 100 |
1 |
|
|a Rodda, Emily,
|d 1948-
|7 jo2004213847
|4 aut
|
| 245 |
1 |
0 |
|a Tajemná země Rondo.
|p Čaroděj /
|c Emily Roddaová ; [z anglického originálu ... přeložila Edita Drozdová]
|
| 246 |
3 |
0 |
|a Čaroděj
|
| 250 |
|
|
|a 1. vyd.
|
| 260 |
|
|
|a Praha :
|b Fragment,
|c 2010
|
| 300 |
|
|
|a 296 s. ;
|c 24 cm
|
| 655 |
|
7 |
|a australské romány
|7 fd131842
|2 czenas
|
| 655 |
|
7 |
|a fantasy romány
|7 fd184199
|2 czenas
|
| 655 |
|
7 |
|a publikace pro děti
|7 fd133156
|2 czenas
|
| 655 |
|
9 |
|a Australian fiction
|2 eczenas
|
| 655 |
|
9 |
|a fantasy novels
|2 eczenas
|
| 655 |
|
9 |
|a children's literature
|2 eczenas
|
| 765 |
0 |
|
|t Wizard of Rondo
|9 Česky
|
| 856 |
4 |
1 |
|u http://www.digitalniknihovna.cz/mzk/uuid/uuid:9ee5fa30-49f3-11e4-8113-005056827e52
|y Digitalizovaný dokument
|x NDK
|
| 910 |
2 |
|
|a BOA001
|b 2-1242.182
|
| 990 |
|
|
|a BK
|
| 995 |
|
|
|a 01
|
| 991 |
|
|
|b 201005
|
| 996 |
6 |
|
|b 2610433040
|c 2-1242.182
|l MZK
|r Sklad / do 1 hodiny
|n 0
|p p.v.
|w 001119309
|u 000010
|a 1
|e BOA001
|j MZK50
|s P
|